000 00593nam a2200241Ia 4500
003 OSt
005 20221005121602.0
006 a|||||r|||| 00| 0
007 ta
008 221004b |||||||| |||| 00| 0 eng d
024 _a53470
037 _cTextual
040 _aCRL
_cCRL
_beng
041 _2eng
_aeng
082 _aR6v:G, G7.7
100 _aBelvalkar S K
245 0 _aHistory of Indian philosophy
260 _c1937
650 _aPHILOSOPHY
700 _a Ranade R D
942 _hR6v:G, G7.7
_cTEXL
_2cc
999 _c1041628
_d1041628